[Event "CZE-chT2A 1819"]
[Site "Czech Republic"]
[Date "2019.02.24"]
[Round "9.2"]
[White "Maly, Filip"]
[Black "Priborsky, Marek"]
[Result "0-1"]
[WhiteElo "1928"]
[BlackElo "2202"]
[PlyCount "132"]
[EventDate "2018.10.14"]
[EventType "team-tourn"]
[EventRounds "11"]
[EventCountry "CZE"]
[SourceTitle "EXT 2022"]
[Source "ChessBase"]
[SourceDate "2021.10.06"]
[SourceVersion "1"]
[SourceVersionDate "2021.10.06"]
[SourceQuality "1"]
[WhiteTeam "Ricany II"]
[BlackTeam "Pribram Banik"]
[WhiteTeamCountry "CZE"]
[BlackTeamCountry "CZE"]

1. e4 e5 2. Nf3 Nc6 3. Bb5 Nf6 4. 0-0 Nxe4 5. d4 Be7 6. Qe2 Nd6 7. Bxc6 bxc6 8. Nxe5 0-0 9. Nd2 Bf6 10. a4 Re8 11. f4 Nf5 12. Qc4 Qe7 13. Ndf3 Qe6 14. Qd3 d6 15. Ng4 Bxd4+ 16. Nxd4 Nxd4 17. Qxd4 Qxg4 18. Ra3 Qf5 19. Rg3 f6 20. b3 Ba6 21. c4 c5 22. Qc3 Bb7 23. Bb2 Kf7 24. Rg5 Qe6 25. Rg3 Re7 26. f5 Qe5 27. Qd2 Qe2 28. Qc3 Qe5 29. Qc2 Qe4 30. Qc3 Qd4+ 31. Qxd4 cxd4 32. Bxd4 a6 33. Re3 Rxe3 34. Bxe3 Re8 35. Re1 Be4 36. Bf4 Bxf5 37. Rxe8 Kxe8 38. c5 dxc5 39. Bxc7 Bc2 40. Bd6 Bxb3 41. Bxc5 Bxa4 42. Kf2 Kd7 43. Ke3 Bc6 44. g3 a5 45. Bf8 g6 46. Ba3 Ke6 47. Bb2 Kf5 48. Ba3 Kg4 49. Kf2 Kh3 50. Kg1 a4 51. Bb2 f5 52. Bc1 Kg4 53. Kf2 h5 54. h4 Bd5 55. Ba3 f4 56. gxf4 Kxh4 57. Be7+ Kg4 58. Bd6 h4 59. Kg1 Kf3 60. Kh2 Be6 61. Kg1 Ke2 62. Be7 h3 63. Bc5 Kd3 64. Kf2 Kc3 65. Kg3 Kb3 66. Bd6 a3 0-1

[Event "CZE-chT2A 1819"]
[Site "Czech Republic"]
[Date "2018.12.16"]
[Round "5.2"]
[White "Maly, Filip"]
[Black "Borkovec, Milan"]
[Result "0-1"]
[WhiteElo "1928"]
[BlackElo "2247"]
[PlyCount "48"]
[EventDate "2018.10.14"]
[EventType "team-tourn"]
[EventRounds "11"]
[EventCountry "CZE"]
[SourceTitle "EXT 2022"]
[Source "ChessBase"]
[SourceDate "2021.10.06"]
[SourceVersion "1"]
[SourceVersionDate "2021.10.06"]
[SourceQuality "1"]
[WhiteTeam "Ricany II"]
[BlackTeam "Tabor"]
[WhiteTeamCountry "CZE"]
[BlackTeamCountry "CZE"]

1. e4 e5 2. Nf3 Nc6 3. Bb5 a6 4. Ba4 Nf6 5. 0-0 Be7 6. Re1 b5 7. Bb3 d6 8. c3 0-0 9. d3 Na5 10. Bc2 c5 11. Nbd2 Nc6 12. Nf1 h6 13. Ng3 Re8 14. a4 Bd7 15. axb5 axb5 16. Rxa8 Qxa8 17. Nh4 Bf8 18. Nhf5 b4 19. Qf3 bxc3 20. bxc3 Qa5 21. d4 Nxd4 22. Nxh6+ gxh6 23. Qxf6 Re6 24. Qh4 Qxc3 0-1

[Event "CZE-chT2A 1819"]
[Site "Czech Republic"]
[Date "2018.11.18"]
[Round "3.1"]
[White "Hurdzan, Tomas"]
[Black "Maly, Filip"]
[Result "1-0"]
[WhiteElo "2237"]
[BlackElo "1928"]
[PlyCount "45"]
[EventDate "2018.10.14"]
[EventType "team-tourn"]
[EventRounds "11"]
[EventCountry "CZE"]
[SourceTitle "EXT 2022"]
[Source "ChessBase"]
[SourceDate "2021.10.06"]
[SourceVersion "1"]
[SourceVersionDate "2021.10.06"]
[SourceQuality "1"]
[WhiteTeam "Klatovy"]
[BlackTeam "Ricany II"]
[WhiteTeamCountry "CZE"]
[BlackTeamCountry "CZE"]

1. e4 c5 2. Nf3 d6 3. Bb5+ Nd7 4. d4 cxd4 5. Qxd4 e5 6. Qd3 a6 7. Bxd7+ Bxd7 8. c4 Rc8 9. Nc3 h6 10. 0-0 Nf6 11. b3 Qc7 12. a4 Be7 13. Rd1 0-0 14. Ba3 Qb6 15. Nxe5 Bg4 16. Nxg4 Nxg4 17. Qc2 Bh4 18. g3 Bg5 19. Nd5 Qd8 20. f4 Bf6 21. Rab1 Rc5 22. Bxc5 dxc5 23. e5 1-0

[Event "Ricany op-A"]
[Site "Ricany"]
[Date "2018.08.28"]
[Round "5"]
[White "Dubnicka, Augustin"]
[Black "Maly, Filip"]
[Result "1/2-1/2"]
[WhiteElo "1718"]
[BlackElo "1954"]
[PlyCount "103"]
[EventDate "2018.08.25"]
[EventType "swiss"]
[EventRounds "9"]
[EventCountry "CZE"]
[SourceTitle "EXT 2019"]
[Source "ChessBase"]
[SourceDate "2018.10.10"]
[SourceVersion "1"]
[SourceVersionDate "2018.10.10"]
[SourceQuality "1"]

1. e4 c5 2. f4 d5 3. exd5 Qxd5 4. Nc3 Qd8 5. Bc4 Nf6 6. Nf3 e6 7. Qe2 Be7 8. 0-0 0-0 9. Ne5 a6 10. a4 Qc7 11. d3 Nc6 12. Nxc6 bxc6 13. h3 Nd5 14. Be3 Rb8 15. Ne4 f5 16. Ng5 e5 17. Qf2 Kh8 18. Bxc5 h6 19. Nf3 Nxf4 20. Rfe1 Bxc5 21. Qxc5 Be6 22. Qxe5 Qb6+ 23. Kh2 Bxc4 24. Qxf4 Bd5 25. b3 Qf2 26. Qd2 Qc5 27. Re2 Bxf3 28. gxf3 f4 29. Rae1 Qh5 30. Re7 Qxf3 31. Qg2 Qxg2+ 32. Kxg2 Rf6 33. R1e6 Rbf8 34. Kf3 Rf5 35. Re8 Rxe8 36. Rxe8+ Kh7 37. Re4 g5 38. Re7+ Kg6 39. Ra7 h5 40. Rxa6 Rc5 41. c4 Re5 42. Rxc6+ Kf5 43. Kf2 g4 44. hxg4+ hxg4 45. Rc8 g3+ 46. Kf1 Kg4 47. d4 Re3 48. d5 Kf3 49. Rg8 Rxb3 50. Ke1 g2 51. Kd2 Kf2 52. d6 1/2-1/2

[Event "Prague Summer op-A 5th"]
[Site "Prague"]
[Date "2018.08.07"]
[Round "6"]
[White "Maly, Filip"]
[Black "Krivanek, Vladimir"]
[Result "1/2-1/2"]
[WhiteElo "1954"]
[BlackElo "2147"]
[PlyCount "125"]
[EventDate "2018.08.03"]
[EventType "swiss"]
[EventRounds "9"]
[EventCountry "CZE"]
[SourceTitle "CBM 185 Extra"]
[Source "ChessBase"]
[SourceDate "2018.07.29"]
[SourceVersion "1"]
[SourceVersionDate "2018.07.29"]
[SourceQuality "1"]

1. e4 e6 2. d4 d5 3. Nc3 Nf6 4. e5 Nfd7 5. f4 c5 6. Nf3 Nc6 7. Be3 a6 8. Qd2 b5 9. dxc5 Bxc5 10. Bxc5 Nxc5 11. Qf2 Qb6 12. Bd3 Nxd3+ 13. cxd3 Qxf2+ 14. Kxf2 Bd7 15. Ne2 0-0 16. Ned4 Nb4 17. Ke2 a5 18. Rhc1 Rfc8 19. Rxc8+ Rxc8 20. Kd2 f6 21. a3 Na6 22. f5 exf5 23. e6 Be8 24. Nxf5 Rc7 25. N3d4 g6 26. Nd6 Kf8 27. Nxe8 Kxe8 28. Nxb5 Rc6 29. Nd4 Rb6 30. b4 axb4 31. axb4 Rxb4 32. Ke3 Rb6 33. Rc1 Kd8 34. Nc6+ Ke8 35. Nd4 Kd8 36. Nc6+ Ke8 37. Kd4 Nc7 38. Kc5 Rb3 39. Kd6 Nb5+ 40. Kxd5 Rxd3+ 41. Kc4 Rd6 42. Kxb5 Rxe6 43. Nd4 Re4 44. Kc5 Kf7 45. Kd5 Re5+ 46. Kd6 g5 47. h3 h5 48. Rc7+ Kg6 49. Re7 Ra5 50. g4 hxg4 51. hxg4 Ra6+ 52. Kc5 Ra5+ 53. Kc4 Ra4+ 54. Kc5 Ra5+ 55. Kb6 Ra4 56. Rd7 Rb4+ 57. Kc5 Ra4 58. Kb5 Ra1 59. Nf5 Ra5+ 60. Kc4 Ra4+ 61. Kd3 Rxg4 62. Nd6 Ra4 63. Ne4 1/2-1/2

[Event "Prague Golden op 13th"]
[Site "Prague"]
[Date "2017.07.05"]
[Round "5"]
[White "Maly, Filip"]
[Black "Rosenbaumova, Lea"]
[Result "1-0"]
[WhiteElo "1915"]
[BlackElo "1559"]
[PlyCount "79"]
[EventDate "2017.07.01"]
[EventType "swiss"]
[EventRounds "9"]
[EventCountry "CZE"]
[SourceTitle "CBM 179 Extra"]
[Source "ChessBase"]
[SourceDate "2017.08.23"]
[SourceVersion "1"]
[SourceVersionDate "2017.08.23"]
[SourceQuality "1"]

1. e4 e6 2. d4 d5 3. Nc3 Nf6 4. Bg5 dxe4 5. Nxe4 Be7 6. Bxf6 gxf6 7. Nf3 b6 8. Bd3 Bb7 9. Qe2 c6 10. 0-0-0 Qc7 11. Rhe1 Nd7 12. Kb1 0-0-0 13. g3 Rhg8 14. c4 Kb8 15. Rc1 f5 16. Nc3 Qd6 17. Bxf5 Bf6 18. Bxh7 Rh8 19. Ne4 Qe7 20. Nxf6 Nxf6 21. Bc2 Ng4 22. h3 Nf6 23. h4 Ka8 24. Rcd1 Rhe8 25. Ne5 Rh8 26. f4 Rdg8 27. Rg1 Nh5 28. Qf2 Rh6 29. g4 Ng7 30. h5 Ne8 31. Be4 c5 32. Qf3 Nd6 33. Bxb7+ Nxb7 34. dxc5 Qxc5 35. Nxf7 Rf6 36. Nd6 Qc7 37. g5 Rff8 38. h6 Rh8 39. Rge1 Qe7 40. Rxe6 1-0

[Event "Ricany op"]
[Site "Ricany"]
[Date "2015.08.28"]
[Round "8"]
[White "Maly, Filip"]
[Black "Kolasin, Jan"]
[Result "1/2-1/2"]
[WhiteElo "1932"]
[BlackElo "2001"]
[PlyCount "78"]
[EventDate "2015.08.22"]
[EventType "swiss"]
[EventRounds "9"]
[EventCountry "CZE"]
[SourceTitle "EXT 2023"]
[Source "ChessBase"]
[SourceDate "2022.10.05"]
[SourceVersion "1"]
[SourceVersionDate "2022.10.05"]
[SourceQuality "1"]

1. e4 e6 2. d4 d5 3. Nc3 Bb4 4. e5 c5 5. a3 Bxc3+ 6. bxc3 Ne7 7. Nf3 Nbc6 8. a4 Qa5 9. Bd2 Qc7 10. Bb5 a6 11. Bd3 Bd7 12. 0-0 c4 13. Be2 Na7 14. Ng5 h6 15. Nh3 0-0-0 16. Bc1 Nf5 17. Ba3 Bxa4 18. g4 Nh4 19. Bc5 b5 20. f4 Nc6 21. Qe1 Ng6 22. f5 Nf8 23. Ra2 g6 24. Qh4 Nh7 25. fxg6 fxg6 26. g5 Nxe5 27. gxh6 g5 28. Qg3 Ng6 29. Qg4 Qd7 30. Nxg5 Nxg5 31. Qxg5 Rdg8 32. Kh1 Rh7 33. Rf6 Qd8 34. Bg4 Nf4 35. Qxf4 Rxg4 36. Qxg4 Qxf6 37. Qg8+ Kc7 38. Qxh7+ Kc6 39. Qg7 Qf1+ 1/2-1/2

[Event "Ricany op"]
[Site "Ricany"]
[Date "2015.08.26"]
[Round "6"]
[White "Maly, Filip"]
[Black "Skalicky, Tomas"]
[Result "1/2-1/2"]
[WhiteElo "1932"]
[BlackElo "2119"]
[PlyCount "46"]
[EventDate "2015.08.22"]
[EventType "swiss"]
[EventRounds "9"]
[EventCountry "CZE"]
[SourceTitle "EXT 2023"]
[Source "ChessBase"]
[SourceDate "2022.10.05"]
[SourceVersion "1"]
[SourceVersionDate "2022.10.05"]
[SourceQuality "1"]

1. e4 Nf6 2. e5 Nd5 3. c4 Nb6 4. d4 d6 5. exd6 cxd6 6. Nf3 g6 7. Be2 Bg7 8. 0-0 0-0 9. Nc3 Bg4 10. Be3 Nc6 11. b3 Rc8 12. Rc1 Re8 13. a4 a5 14. Qd2 Nd7 15. Rfd1 Nb4 16. h3 Bxf3 17. Bxf3 b6 18. Nb5 Nf6 19. Bf4 h5 20. Bb7 Rb8 21. Bf3 Rc8 22. Bb7 Rb8 23. Bf3 Rc8 1/2-1/2

[Event "Ricany op"]
[Site "Ricany"]
[Date "2015.08.25"]
[Round "5"]
[White "Danhel, Lukas"]
[Black "Maly, Filip"]
[Result "0-1"]
[WhiteElo "1807"]
[BlackElo "1932"]
[PlyCount "68"]
[EventDate "2015.08.22"]
[EventType "swiss"]
[EventRounds "9"]
[EventCountry "CZE"]
[SourceTitle "EXT 2023"]
[Source "ChessBase"]
[SourceDate "2022.10.05"]
[SourceVersion "1"]
[SourceVersionDate "2022.10.05"]
[SourceQuality "1"]

1. e4 c5 2. Nf3 d6 3. d4 cxd4 4. Nxd4 Nf6 5. Nc3 a6 6. Be2 e5 7. Nb3 Be7 8. 0-0 0-0 9. f4 b5 10. Bf3 Bb7 11. Be3 Nbd7 12. a4 b4 13. Nd5 Bxd5 14. exd5 e4 15. Be2 Nb6 16. Bxb6 Qxb6+ 17. Qd4 Qxd4+ 18. Nxd4 Nxd5 19. Nf5 Bf6 20. Rad1 Nb6 21. a5 Na4 22. Nxd6 Nxb2 23. Rb1 Bd4+ 24. Kh1 f5 25. Nc4 Na4 26. Rxb4 Nc3 27. Nb6 Nxe2 28. Nxa8 Rxa8 29. Rc4 Bf6 30. g3 Nc3 31. Rc6 e3 32. Re1 e2 33. Re6 Kf7 34. Rc6 Rd8 0-1

[Event "Ricany op"]
[Site "Ricany"]
[Date "2015.08.24"]
[Round "4"]
[White "Maly, Filip"]
[Black "Moravec, Vit"]
[Result "0-1"]
[WhiteElo "1932"]
[BlackElo "2209"]
[PlyCount "65"]
[EventDate "2015.08.22"]
[EventType "swiss"]
[EventRounds "9"]
[EventCountry "CZE"]
[SourceTitle "EXT 2023"]
[Source "ChessBase"]
[SourceDate "2022.10.05"]
[SourceVersion "1"]
[SourceVersionDate "2022.10.05"]
[SourceQuality "1"]

1. e4 c5 2. Nf3 Nc6 3. d4 cxd4 4. Nxd4 g6 5. Be3 Bg7 6. Nc3 Nf6 7. f3 0-0 8. Bc4 Qb6 9. Bb3 Nxe4 10. Nf5 Nxc3 11. Qd2 Qa5 12. Nxg7 Nb5 13. c3 Kxg7 14. Bh6+ Kg8 15. Bxf8 Kxf8 16. Qh6+ Kg8 17. Bxf7+ Kxf7 18. Qxh7+ Kf6 19. Qh8+ Ke6 20. 0-0 Kd6 21. a4 Nxc3 22. bxc3 Kc7 23. Rfb1 Qe5 24. Qg8 Qe6 25. Qe8 b6 26. Re1 Qf6 27. Rad1 Qf5 28. Qg8 Bb7 29. Qb3 Rh8 30. Rd5 Qf4 31. g3 Qxf3 32. Qc4 Rf8 33. Rd3 0-1

[Event "Ricany op"]
[Site "Ricany"]
[Date "2015.08.22"]
[Round "1"]
[White "Palla, Ivan"]
[Black "Maly, Filip"]
[Result "0-1"]
[WhiteElo "1556"]
[BlackElo "1932"]
[PlyCount "41"]
[EventDate "2015.08.22"]
[EventType "swiss"]
[EventRounds "9"]
[EventCountry "CZE"]
[SourceTitle "EXT 2023"]
[Source "ChessBase"]
[SourceDate "2022.10.05"]
[SourceVersion "1"]
[SourceVersionDate "2022.10.05"]
[SourceQuality "1"]

1. Nf3 Nf6 2. d4 g6 3. g3 Bg7 4. Bg2 0-0 5. 0-0 d6 6. c3 c6 7. Bg5 Qc7 8. Bxf6 Bxf6 9. Nbd2 Nd7 10. Bh3 Bg7 11. e4 b5 12. Re1 e5 13. Nb3 a5 14. dxe5 dxe5 15. a4 bxa4 16. Bxd7 Bxd7 17. Nc5 Bg4 18. Nxa4 Rad8 19. Qe2 Rd6 20. Qe3 Rfd8 21. Nxe5 0-1

[Event "Rakovnik Regional-chT 1415"]
[Site "Rakovnik"]
[Date "2014.11.23"]
[Round "3.6"]
[White "Jarrah, Kamal"]
[Black "Maly, Filip"]
[Result "1-0"]
[WhiteElo "2044"]
[BlackElo "1953"]
[PlyCount "57"]
[EventDate "2014.10.19"]
[EventType "team-tourn"]
[EventRounds "11"]
[EventCountry "CZE"]
[SourceTitle "EXT 2016"]
[Source "ChessBase"]
[SourceDate "2015.10.08"]
[SourceVersion "1"]
[SourceVersionDate "2015.10.08"]
[SourceQuality "1"]
[WhiteTeam "Kralupy nad Vltavou"]
[BlackTeam "Ricany II"]
[WhiteTeamCountry "CZE"]
[BlackTeamCountry "CZE"]

1. e4 c5 2. Nc3 e6 3. g3 d5 4. exd5 exd5 5. d4 Nf6 6. Bg2 cxd4 7. Qxd4 Nc6 8. Qa4 Bb4 9. Bd2 0-0 10. 0-0-0 Be6 11. Nge2 a6 12. Nf4 b5 13. Qb3 Bc5 14. Ncxd5 Nxd5 15. Bxd5 Nd4 16. Qc3 Bxd5 17. Rhf1 Rc8 18. Be3 b4 19. Qd3 Nxc2 20. Nxd5 Bxe3+ 21. Kb1 Bd4 22. Nf4 b3 23. Qxb3 Rb8 24. Qxc2 Qf6 25. b3 Rfc8 26. Qd3 Ba1 27. Rd2 Rc3 28. Nd5 Qc6 29. Ne7+ 1-0

[Event "CZE-chT2C 1213"]
[Site "Czech Republic"]
[Date "2013.02.03"]
[Round "8.5"]
[White "Hrdina, Robin"]
[Black "Maly, Filip"]
[Result "1-0"]
[WhiteElo "2007"]
[BlackElo "1965"]
[PlyCount "63"]
[EventDate "2012.10.14"]
[EventType "team-tourn"]
[EventRounds "11"]
[EventCountry "CZE"]
[SourceTitle "EXT 2015"]
[Source "ChessBase"]
[SourceDate "2014.11.20"]
[SourceVersion "1"]
[SourceVersionDate "2014.11.20"]
[SourceQuality "1"]
[WhiteTeam "Vlasim"]
[BlackTeam "Ricany"]
[WhiteTeamCountry "CZE"]
[BlackTeamCountry "CZE"]

1. e4 c5 2. Nf3 d6 3. d4 cxd4 4. Nxd4 Nf6 5. Nc3 a6 6. Bc4 e6 7. Bb3 Be7 8. Qe2 0-0 9. Be3 b5 10. a3 Bb7 11. f3 Nbd7 12. g4 Nb6 13. g5 Nfd7 14. h4 Rc8 15. 0-0-0 d5 16. exd5 Rxc3 17. dxe6 Rxb3 18. Nf5 fxe6 19. Bd4 Bxg5+ 20. Kb1 e5 21. cxb3 exd4 22. Qe6+ Kh8 23. hxg5 Bxf3 24. Ne7 Qe8 25. Ng6+ Qxg6+ 26. Qxg6 Bxh1 27. Qd6 Be4+ 28. Ka2 d3 29. a4 bxa4 30. bxa4 Rf2 31. a5 Rxb2+ 32. Ka1 1-0

[Event "Ricany op-A"]
[Site "Ricany"]
[Date "2011.08.27"]
[Round "9"]
[White "Maly, Filip"]
[Black "Franek, Jan1111"]
[Result "0-1"]
[WhiteElo "2007"]
[BlackElo "1891"]
[PlyCount "44"]
[EventDate "2011.08.20"]
[EventType "swiss"]
[EventRounds "9"]
[EventCountry "CZE"]
[SourceTitle "CBM 144 Extra"]
[Source "ChessBase"]
[SourceDate "2011.10.28"]
[SourceVersion "1"]
[SourceVersionDate "2011.10.28"]
[SourceQuality "1"]

1. e4 e5 2. Nf3 Nc6 3. Bb5 f5 4. Nc3 fxe4 5. Nxe4 Nf6 6. Ng3 Bc5 7. 0-0 0-0 8. Nxe5 Nd4 9. c3 Nxb5 10. Qb3+ d5 11. Qxb5 Qd6 12. d4 Bb6 13. Re1 Ng4 14. Bg5 h6 15. Be7 Qxe7 16. Nxg4 Qg5 17. Ne5 c6 18. Qb3 h5 19. Ne4 Qf5 20. f3 Qxe5 21. Qxb6 dxe4 22. Qb3+ Qd5 0-1

[Event "Czechia KP-chTB 0607"]
[Site "Czech Republic"]
[Date "2006.11.26"]
[Round "3.3"]
[White "Vavra, Jan1111"]
[Black "Maly, Filip"]
[Result "1/2-1/2"]
[WhiteElo "2096"]
[BlackElo "2029"]
[PlyCount "62"]
[EventDate "2006.10.29"]
[EventType "team"]
[EventRounds "11"]
[EventCountry "CZE"]
[SourceTitle "EXT 2008"]
[Source "ChessBase"]
[SourceDate "2007.11.25"]
[SourceVersion "1"]
[SourceVersionDate "2007.11.25"]
[SourceQuality "1"]
[WhiteTeam "Brodce"]
[BlackTeam "Ricany III"]
[WhiteTeamCountry "CZE"]
[BlackTeamCountry "CZE"]

1. Nf3 Nf6 2. d4 g6 3. Bf4 Bg7 4. Nbd2 0-0 5. c3 d6 6. h3 Nbd7 7. e3 c5 8. Bc4 a6 9. a4 Rb8 10. Qb3 cxd4 11. cxd4 b5 12. axb5 axb5 13. Bxb5 Bb7 14. Qd3 e5 15. dxe5 dxe5 16. Nxe5 Nxe5 17. Bxe5 Bxg2 18. Rh2 Qxd3 19. Bxd3 Rfd8 20. Bxg6 hxg6 21. Rxg2 Rd5 22. f4 Rbb5 23. e4 Rd8 24. Re2 Nh5 25. Bxg7 Kxg7 26. b3 Nxf4 27. Rh2 Re5 28. 0-0-0 Nd3+ 29. Kc2 Nc5 30. Re2 Rc8 31. Kb2 Rb8 1/2-1/2

[Event "Ricany op-A"]
[Site "Ricany"]
[Date "2006.08.29"]
[Round "6"]
[White "Maly, Filip"]
[Black "Schmalz, Michal"]
[Result "0-1"]
[WhiteElo "1987"]
[BlackElo "1623"]
[PlyCount "63"]
[EventDate "2006.08.24"]
[EventType "swiss"]
[EventRounds "9"]
[EventCountry "CZE"]
[SourceTitle "EXT 2007"]
[Source "ChessBase"]
[SourceDate "2006.11.23"]
[SourceVersion "1"]
[SourceVersionDate "2006.11.23"]
[SourceQuality "1"]

1. Nf3 g6 2. g3 Bg7 3. Bg2 d5 4. 0-0 Nf6 5. c4 dxc4 6. Na3 0-0 7. Nxc4 c6 8. d3 Be6 9. Qc2 Nbd7 10. Rb1 Nb6 11. b3 Nfd5 12. Bb2 Qc7 13. Bxg7 Kxg7 14. Ng5 Qc8 15. e4 Nf6 16. f4 h6 17. Qc3 Bxc4 18. Qxc4 Kg8 19. Bh3 Qc7 20. e5 Nh7 21. Ne4 e6 22. g4 Rad8 23. Kh1 Nc8 24. f5 Qe7 25. Nf6+ Nxf6 26. exf6 Qd7 27. fxg6 fxg6 28. Rbe1 g5 29. Qc2 Qxd3 30. Qb2 Kf7 31. Rf3 Qd2 32. Rfe3 0-1

[Event "Ricany op-A"]
[Site "Ricany"]
[Date "2006.08.27"]
[Round "4"]
[White "Maly, Filip"]
[Black "Blumel, Otto"]
[Result "0-1"]
[WhiteElo "1987"]
[BlackElo "2262"]
[PlyCount "121"]
[EventDate "2006.08.24"]
[EventType "swiss"]
[EventRounds "9"]
[EventCountry "CZE"]
[SourceTitle "EXT 2007"]
[Source "ChessBase"]
[SourceDate "2006.11.23"]
[SourceVersion "1"]
[SourceVersionDate "2006.11.23"]
[SourceQuality "1"]

1. e4 c5 2. Nf3 Nf6 3. Nc3 Nc6 4. Bb5 d5 5. exd5 Nxd5 6. Ne4 Qb6 7. Ba4 Bg4 8. h3 Bh5 9. 0-0 0-0-0 10. Ng3 Bg6 11. d3 e6 12. Qe1 Bd6 13. Ne4 Bb8 14. c3 Bh5 15. Nfd2 Qc7 16. g3 Ne5 17. Bc2 f5 18. Nxc5 Qxc5 19. d4 Qb5 20. dxe5 Be2 21. c4 Bxc4 22. Nxc4 Qxc4 23. Bb3 Qb5 24. Be3 Bc7 25. Rc1 Rhe8 26. Rc5 Qd7 27. Bg5 Kb8 28. Bxd8 Rxd8 29. Qe2 Bb6 30. Rcc1 f4 31. Kh2 Qf7 32. Bxd5 Rxd5 33. Rcd1 Ra5 34. Rd3 a6 35. Rfd1 Qf5 36. g4 Qg5 37. Qf3 Rb5 38. R1d2 Qxe5 39. Re2 Qc7 40. b3 e5 41. Rd5 Rxd5 42. Qxd5 Bd4 43. Qe4 g6 44. Rc2 Qd6 45. Qd3 Qd5 46. Re2 Qa5 47. Qc4 f3 48. Rc2 Qe1 49. Kg3 Qe4 50. Kh2 Qf4+ 51. Kg1 Qg3+ 52. Kf1 Qxh3+ 53. Ke1 Qxg4 54. Kd2 h5 55. Qg8+ Ka7 56. Rc8 Qg5+ 57. Kc2 Qf5+ 58. Kd2 Qf6 59. Ra8+ Kb6 60. Qc4 Qd6 61. Re8 0-1

[Event "Ricany op-A"]
[Site "Ricany"]
[Date "2006.08.24"]
[Round "1"]
[White "Kojetsky, Pavel"]
[Black "Maly, Filip"]
[Result "1-0"]
[WhiteElo "2168"]
[BlackElo "1987"]
[PlyCount "72"]
[EventDate "2006.08.24"]
[EventType "swiss"]
[EventRounds "9"]
[EventCountry "CZE"]
[SourceTitle "EXT 2007"]
[Source "ChessBase"]
[SourceDate "2006.11.23"]
[SourceVersion "1"]
[SourceVersionDate "2006.11.23"]
[SourceQuality "1"]

1. e4 c5 2. Nf3 d6 3. d4 cxd4 4. Nxd4 Nf6 5. Nc3 a6 6. g3 e5 7. Nde2 Be7 8. Bg2 0-0 9. 0-0 b5 10. a4 bxa4 11. Nxa4 Bb7 12. Nec3 Nbd7 13. Qe2 Qc7 14. Rd1 Rfc8 15. Be3 Bc6 16. Rd2 Qb7 17. Bg5 h6 18. Bxf6 Nxf6 19. h3 Bb5 20. Qe3 Rc6 21. Nd5 Nxd5 22. exd5 Rc4 23. Qb3 Bg5 24. Rdd1 Rb8 25. Nc3 Bd8 26. Bf1 Rcc8 27. Bxb5 axb5 28. Qb4 Qb6 29. Ra2 Rc4 30. Qb3 Qc7 31. Rd2 Qd7 32. Kg2 Bg5 33. Re2 Qc7 34. Ra6 f5 35. Rc6 Qb7 36. Rxd6 Kh7 1-0